Science Quiz

Random Science or Animal Quiz

Pick the Anagram: Animals XIII Quiz Stats

 Plays Quiz not verified by Sporcle

Support Sporcle.
Go Orange.
Score 0/9 Timer 05:00
1 Play Today
% Correct
AJALCK
88.2%
SPAW
80.9%
GOKEC
75.1%
EGOTNUSR
71.7%
ACAICD
65%
NALCEARB
62.1%
IPOCNOSR
57.5%
VSESIIRHFL
57%
TANIAP
48.8%

You're not logged in!

Compare scores with friends on all Sporcle quizzes.
OR
Log In

From the Vault

Category Cracker: History

by Purple_Parrot

History and crackers don't sound like they'd go well together. Seems like they'd be really stale.
Remove Ads.
Support Sporcle.
Get the best of Sporcle when you Go Orange. This ad-free experience offers more features, more stats, and more fun while also helping to support Sporcle. Thank you for becoming a member.

Show Comments

Extras

Top Quizzes Today


Score Distribution

Your Account Isn't Verified!

In order to create a playlist on Sporcle, you need to verify the email address you used during registration. Go to your Sporcle Settings to finish the process.

Report this User

Report this user for behavior that violates our Community Guidelines.

Details: